[Event "GER-ch Seniors 65 32nd"]
[Site "Magdeburg"]
[Date "2020.08.19"]
[Round "6"]
[White "Zimmermann, Rolf"]
[Black "Hilbig, Dieter"]
[Result "1/2-1/2"]
[WhiteElo "2101"]
[BlackElo "1884"]
[PlyCount "141"]
[EventDate "2020.08.14"]
[EventType "swiss"]
[EventRounds "9"]
[EventCountry "GER"]
[SourceTitle "EXT 2021"]
[Source "ChessBase"]
[SourceDate "2020.10.23"]
[SourceVersion "1"]
[SourceVersionDate "2020.10.23"]
[SourceQuality "1"]

1. c4 e6 2. d4 d5 3. Nc3 Nf6 4. Bg5 Be7 5. e3 Nbd7 6. Nf3 b6 7. Rc1 Bb7 8. Be2 0-0 9. 0-0 Ne4 10. Bxe7 Qxe7 11. a3 Rad8 12. Qc2 Nxc3 13. Qxc3 c5 14. cxd5 Bxd5 15. Rfd1 Rc8 16. dxc5 Rxc5 17. Qd2 Rfc8 18. b4 R5c7 19. Rxc7 Rxc7 20. Rc1 Nf6 21. Bd3 g6 22. Rxc7 Qxc7 23. Qc2 Qb7 24. Ne1 Ng4 25. h3 Ne5 26. Qc3 Nxd3 27. Qxd3 Qc6 28. Qd2 Kg7 29. Qc2 Qb7 30. Qc3+ Kg8 31. f3 Qa6 32. Nd3 Qc4 33. Qxc4 Bxc4 34. Ne5 Bb5 35. f4 Kf8 36. Kf2 Ke7 37. e4 f6 38. Nf3 a5 39. e5 axb4 40. axb4 Bc4 41. g3 Bd5 42. Nd4 h6 43. Ke3 g5 44. exf6+ Kxf6 45. fxg5+ hxg5 46. h4 gxh4 47. gxh4 e5 48. Nf3 Kf5 49. h5 e4 50. h6 Kg6 51. Ne5+ Kxh6 52. Nd7 b5 53. Nf6 Bc6 54. Nxe4 Kg6 55. Kd4 Kf5 56. Nd6+ Ke6 57. Kc5 Kd7 58. Nxb5 Bg2 59. Nc3 Bf1 60. Nd5 Kc8 61. Nb6+ Kb7 62. Nc4 Bxc4 63. Kxc4 Kc6 64. b5+ Kb6 65. Kb4 Kb7 66. Kc5 Kc7 67. b6+ Kb7 68. Kb5 Kb8 69. Ka6 Ka8 70. b7+ Kb8 71. Kb6 1/2-1/2

[Event "WchT Seniors 50"]
[Site "Rhodes"]
[Date "2019.04.17"]
[Round "2.5"]
[White "Zimmermann, Rolf"]
[Black "Burchardt, Brigitte"]
[Result "1/2-1/2"]
[WhiteElo "2086"]
[BlackElo "2136"]
[PlyCount "119"]
[EventDate "2019.04.16"]
[EventType "team-swiss"]
[EventRounds "9"]
[EventCountry "GRE"]
[SourceTitle "CBM 190 Extra"]
[Source "ChessBase"]
[SourceDate "2019.07.15"]
[SourceVersion "1"]
[SourceVersionDate "2019.07.15"]
[SourceQuality "1"]
[WhiteTeam "Offenbach"]
[BlackTeam "Germany (Women)"]
[WhiteTeamCountry "GER"]
[BlackTeamCountry "GER"]

1. c4 c5 2. Nc3 Nc6 3. g3 Nf6 4. Bg2 g6 5. e3 Bg7 6. d3 d6 7. Nge2 Bd7 8. b3 0-0 9. Bb2 Qc8 10. h4 e5 11. Ne4 Ne8 12. f4 Ne7 13. Qd2 Bc6 14. 0-0 f5 15. Nf2 Bxg2 16. Kxg2 Qc6+ 17. e4 fxe4 18. Nxe4 Nf6 19. Kg1 Nxe4 20. dxe4 Qxe4 21. Rae1 Qc6 22. Rd1 Nf5 23. Kh2 Nd4 24. Nxd4 exd4 25. Qg2 Qxg2+ 26. Kxg2 Rfe8 27. Rfe1 Kf7 28. Kf3 h5 29. Bc1 Bf6 30. Bd2 Rab8 31. Rxe8 Rxe8 32. Re1 Rxe1 33. Bxe1 Ke6 34. Ke4 Bd8 35. a4 b6 36. Bf2 Bf6 37. Be1 Bd8 38. Bd2 a6 39. Be1 Bc7 40. Bf2 Bd8 41. Be1 b5 42. Bd2 bxc4 43. bxc4 Bf6 44. Be1 Bg7 45. Bf2 d3 46. Kxd3 Kf5 47. Be1 Bd4 48. Ba5 Kg4 49. Ke4 Kxg3 50. Bd8 Kg4 51. Kd5 Bf2 52. Kxd6 Bxh4 53. Bxh4 Kxh4 54. Kxc5 Kg3 55. Kb6 h4 56. c5 h3 57. c6 h2 58. c7 h1Q 59. c8Q Qe4 60. Qxa6 1/2-1/2

[Event "GER-chT Laender Seniors 50+"]
[Site "Templin"]
[Date "2018.09.15"]
[Round "6.7"]
[White "Zimmermann, Rolf"]
[Black "Andersen, Jens Knud"]
[Result "1/2-1/2"]
[WhiteElo "2113"]
[BlackElo "2160"]
[PlyCount "28"]
[EventDate "2018.09.10"]
[EventType "team-tourn"]
[EventRounds "7"]
[EventCountry "GER"]
[SourceTitle "EXT 2020"]
[Source "ChessBase"]
[SourceDate "2019.10.17"]
[SourceVersion "1"]
[SourceVersionDate "2019.10.17"]
[SourceQuality "1"]
[WhiteTeam "Nordrhein Westfalen"]
[BlackTeam "Hamburg"]
[WhiteTeamCountry "GER"]
[BlackTeamCountry "GER"]

1. d4 d5 2. c4 e6 3. Nc3 Nf6 4. e3 Be7 5. Bd3 0-0 6. Nf3 dxc4 7. Bxc4 c5 8. 0-0 Nc6 9. dxc5 Bxc5 10. a3 Qxd1 11. Rxd1 b6 12. b4 Be7 13. Bb2 Bb7 14. Rac1 Rfd8 1/2-1/2

[Event "GER-ch Seniors 65"]
[Site "Hamburg"]
[Date "2018.07.28"]
[Round "8"]
[White "Pfitzer, Norbert"]
[Black "Zimmermann, Rolf"]
[Result "1-0"]
[WhiteElo "2040"]
[BlackElo "2165"]
[PlyCount "119"]
[EventDate "2018.07.21"]
[EventType "swiss"]
[EventRounds "9"]
[EventCountry "GER"]
[SourceTitle "CBM 186 Extra"]
[Source "ChessBase"]
[SourceDate "2018.08.24"]
[SourceVersion "1"]
[SourceVersionDate "2018.08.24"]
[SourceQuality "1"]

1. Nf3 Nf6 2. d4 d5 3. g3 e6 4. Bg2 c5 5. 0-0 Nc6 6. c4 cxd4 7. Nxd4 Be7 8. Nc3 0-0 9. cxd5 exd5 10. h3 Bb4 11. Bg5 Bxc3 12. bxc3 h6 13. Bxf6 Qxf6 14. Rb1 Rd8 15. Qa4 Nxd4 16. cxd4 Bd7 17. Qb4 Bc6 18. Rfe1 Qd6 19. e3 Qxb4 20. Rxb4 f5 21. h4 Kf7 22. Bh3 Kf6 23. g4 g6 24. Kh2 Re8 25. gxf5 gxf5 26. Kg3 f4+ 27. Kxf4 Re4+ 28. Kf3 Rxh4 29. Bf1 a6 30. Bd3 Ke6 31. Rg1 Rf8+ 32. Kg2 Rg4+ 33. Kf1 Rxg1+ 34. Kxg1 b5 35. Rb1 Kd6 36. f4 Bd7 37. Kf2 Bf5 38. Bxf5 Rxf5 39. Rh1 Rf6 40. Rh5 b4 41. Kf3 Re6 42. f5 Rf6 43. Kf4 a5 44. Rh1 Kc6 45. Ke5 Rf8 46. Rxh6+ Kb5 47. Rh7 Re8+ 48. Kxd5 Rxe3 49. f6 Rf3 50. f7 Ka4 51. Ke6 Ka3 52. Rh5 a4 53. Rf5 Rxf5 54. Kxf5 Kxa2 55. f8Q b3 56. Qb4 a3 57. Qc4 Ka1 58. Qxb3 a2 59. Qxa2+ Kxa2 60. d5 1-0

[Event "GER-chT Seniors 26th"]
[Site "Templin"]
[Date "2017.09.28"]
[Round "4.1"]
[White "Zimmermann, Rolf"]
[Black "Buchal, Stephan"]
[Result "1/2-1/2"]
[WhiteElo "2165"]
[BlackElo "2347"]
[PlyCount "70"]
[EventDate "2017.09.25"]
[EventType "team-swiss"]
[EventRounds "7"]
[EventCountry "GER"]
[SourceTitle "EXT 2019"]
[Source "ChessBase"]
[SourceDate "2018.10.10"]
[SourceVersion "1"]
[SourceVersionDate "2018.10.10"]
[SourceQuality "1"]
[WhiteTeam "Nordrhein Westfalen II"]
[BlackTeam "Bremen"]
[WhiteTeamCountry "GER"]
[BlackTeamCountry "GER"]

1. c4 g6 2. d4 Bg7 3. Nc3 d6 4. e4 Nf6 5. f3 0-0 6. Be3 a6 7. Bd3 Nbd7 8. Nge2 c5 9. 0-0 b6 10. Rc1 Bb7 11. b3 e6 12. Re1 Qc7 13. Bb1 Rad8 14. Qd2 Qb8 15. d5 exd5 16. Nxd5 Nxd5 17. exd5 Rde8 18. a4 Qd8 19. Bg5 Bf6 20. Bxf6 Nxf6 21. Nc3 Rxe1+ 22. Rxe1 Re8 23. Bd3 Bc8 24. Rxe8+ Nxe8 25. Qf4 Qe7 26. Qe4 Qd8 27. Qf4 Bd7 28. Ne4 Qe7 29. h4 Bf5 30. g3 Kg7 31. Kg2 h6 32. Nf2 Bd7 33. Ne4 Bf5 34. Nf2 Bd7 35. Ne4 Bf5 1/2-1/2

[Event "Frankfurt-ch"]
[Site "Frankfurt"]
[Date "2002.06.10"]
[Round "6"]
[White "Diehm, Alexander"]
[Black "Zimmermann, Rolf"]
[Result "0-1"]
[WhiteElo "2025"]
[BlackElo "2205"]
[PlyCount "132"]
[EventDate "2002.04.??"]
[EventType "swiss"]
[EventRounds "7"]
[EventCountry "GER"]
[SourceTitle "EXT 2003"]
[Source "ChessBase"]
[SourceDate "2002.11.25"]
[SourceVersion "1"]
[SourceVersionDate "2002.11.25"]
[SourceQuality "1"]

1. d4 Nf6 2. c4 e5 3. dxe5 Ne4 4. Nf3 Bb4+ 5. Nbd2 Nc6 6. a3 Nxd2 7. Bxd2 Bxd2+ 8. Qxd2 Qe7 9. Qc3 b6 10. e3 Bb7 11. Be2 0-0-0 12. Rc1 Rhe8 13. c5 Kb8 14. b4 Nxe5 15. cxb6 cxb6 16. Qc7+ Ka8 17. Rd1 Nxf3+ 18. Bxf3 Bxf3 19. gxf3 d5 20. Qxe7 Rxe7 21. Ke2 d4 22. e4 f5 23. Kd3 fxe4+ 24. fxe4 Rf7 25. Ke2 d3+ 26. Rxd3 Rxf2+ 27. Kxf2 Rxd3 28. e5 Kb7 29. Rc1 Rd5 30. Re1 Kc7 31. Kf3 Kd7 32. Kf4 Rd3 33. Rg1 g6 34. Rg3 Rd4+ 35. Kg5 Ke6 36. Rh3 Rd7 37. Kf4 b5 38. Rc3 Rd4+ 39. Ke3 Rh4 40. Rc5 a6 41. Rc6+ Kxe5 42. Rxa6 Rh3+ 43. Kf2 Rxh2+ 44. Kg3 Rh5 45. a4 bxa4 46. Rxa4 Kf6 47. Ra5 Rh1 48. Rc5 g5 49. b5 Kg6 50. Kg4 Rh4+ 51. Kg3 Rb4 52. Kf3 Kh5 53. Ke3 Kh4 54. Rd5 g4 55. Re5 Kg3 56. Rh5 Kg2 57. Rxh7 Rxb5 58. Ke2 Re5+ 59. Kd1 g3 60. Rh8 Kf2 61. Rf8+ Kg1 62. Rh8 g2 63. Kd2 Kf2 64. Rf8+ Kg3 65. Rg8+ Kf3 66. Rf8+ Kg4 0-1

[Event "Frankfurt-ch"]
[Site "Frankfurt"]
[Date "2001.06.18"]
[Round "7"]
[White "Kratzer, Gerhard"]
[Black "Zimmermann, Rolf"]
[Result "1/2-1/2"]
[WhiteElo "2101"]
[BlackElo "2205"]
[PlyCount "120"]
[EventDate "2001.04.??"]
[EventType "swiss"]
[EventRounds "7"]
[EventCountry "GER"]
[SourceTitle "EXT 2002"]
[Source "ChessBase"]
[SourceDate "2001.11.25"]
[SourceVersion "1"]
[SourceVersionDate "2001.11.25"]
[SourceQuality "1"]

1. e4 c6 2. d4 d5 3. exd5 cxd5 4. Bd3 Nf6 5. Ne2 Nc6 6. c3 e5 7. dxe5 Nxe5 8. Bb5+ Bd7 9. Bxd7+ Qxd7 10. h3 Bc5 11. 0-0 0-0 12. Nd2 Bb6 13. Nb3 Rfe8 14. Nbd4 Nc6 15. Qd3 Re4 16. Be3 Rae8 17. Rad1 Ne5 18. Qc2 Rxe3 19. fxe3 Nc4 20. Rxf6 Nxe3 21. Qc1 gxf6 22. Rd3 Nf5 23. Qf4 Re4 24. Qd2 Qe7 25. Ng3 Qe5 26. Ngxf5 Qxf5 27. Rg3+ Kf8 28. Rf3 Qg5 29. Qf2 Qc1+ 30. Kh2 Bc7+ 31. g3 Be5 32. Nf5 b6 33. Rd3 Qe1 34. Qxe1 Rxe1 35. Rxd5 Re2+ 36. Kg1 Ke8 37. Nd4 Bxd4+ 38. Rxd4 Rxb2 39. a4 Rc2 40. Rc4 Kd7 41. Rd4+ Ke6 42. Rc4 Ra2 43. Rc6+ Kd7 44. Rc4 Kd6 45. Kf1 a6 46. Rf4 Rc2 47. Rxf6+ Kc5 48. Rxf7 Rxc3 49. Kf2 Kb4 50. Rxh7 Kxa4 51. Rb7 Kb5 52. h4 a5 53. h5 Ka6 54. Re7 a4 55. g4 a3 56. h6 b5 57. g5 a2 58. Re1 Rh3 59. Ra1 Kb6 60. Rxa2 Rh5 1/2-1/2

[Event "Frankfurt-ch"]
[Site "Frankfurt"]
[Date "2000.06.13"]
[Round "6"]
[White "Zimmermann, Rolf"]
[Black "Karsten, Heinrich"]
[Result "1-0"]
[WhiteElo "2205"]
[BlackElo "2025"]
[PlyCount "119"]
[EventDate "2000.05.08"]
[EventType "swiss"]
[EventRounds "7"]
[EventCountry "GER"]
[SourceTitle "EXT 2001"]
[Source "ChessBase"]
[SourceDate "2000.11.22"]
[SourceVersion "1"]
[SourceVersionDate "2000.11.22"]
[SourceQuality "1"]

1. c4 Nf6 2. Nc3 g6 3. g3 d6 4. Bg2 Bg7 5. e4 e5 6. Nge2 Nc6 7. d3 Be6 8. Nd5 Qd7 9. Bg5 Bxd5 10. cxd5 Ne7 11. 0-0 0-0 12. Qd2 Nh5 13. Bf3 Nf6 14. Rac1 c6 15. dxc6 bxc6 16. d4 exd4 17. Nxd4 Rac8 18. e5 dxe5 19. Nxc6 Nxc6 20. Qxd7 Nxd7 21. Bxc6 Nf6 22. b4 Rc7 23. b5 Rfc8 24. Bb7 Rxc1 25. Rxc1 Rxc1+ 26. Bxc1 Nd7 27. Bd5 Bf8 28. Bb2 Bd6 29. a4 Kf8 30. a5 Nc5 31. Ba3 Ke7 32. b6 axb6 33. axb6 Nd7 34. Bxd6+ Kxd6 35. Bxf7 Nxb6 36. Kg2 Ke7 37. Bg8 Kf6 38. Kf3 h6 39. Ke4 Nc8 40. Bb3 Nd6+ 41. Kd5 Nf5 42. Bc2 Nd4 43. Be4 Nb5 44. f3 Nc7+ 45. Kd6 Ne8+ 46. Kc6 Ng7 47. Kd5 Ne8 48. h4 Nc7+ 49. Kc5 Ne6+ 50. Kd6 g5 51. h5 Nd4 52. g4 Ne2 53. Kd7 Nf4 54. Ke8 Ne6 55. Bb7 Nc5 56. Bd5 Na6 57. Kf8 Nc7 58. Be4 Ne6+ 59. Kg8 Nd8 60. Bd5 1-0

[Event "Frankfurt-ch"]
[Site "Frankfurt"]
[Date "1999.06.14"]
[Round "7"]
[White "Zimmermann, Rolf"]
[Black "Reschke, Thomas"]
[Result "1-0"]
[WhiteElo "2205"]
[BlackElo "2205"]
[PlyCount "81"]
[EventDate "1999.??.??"]
[EventType "swiss"]
[EventRounds "7"]
[EventCountry "GER"]
[SourceTitle "EXT 2002"]
[Source "ChessBase"]
[SourceDate "2001.11.25"]
[SourceVersion "1"]
[SourceVersionDate "2001.11.25"]
[SourceQuality "1"]

1. c4 g6 2. g3 Bg7 3. Bg2 e5 4. Nc3 d6 5. d3 f5 6. e3 Nf6 7. Nge2 0-0 8. d4 Nc6 9. 0-0 e4 10. h4 h6 11. Nf4 g5 12. hxg5 hxg5 13. Nfd5 Nxd5 14. Nxd5 Be6 15. f3 exf3 16. Bxf3 f4 17. Bg4 Bf7 18. Kg2 Ne7 19. exf4 Nxd5 20. fxg5 Qe8 21. g6 Bxg6 22. Rxf8+ Kxf8 23. cxd5 Qe4+ 24. Qf3+ Qxf3+ 25. Kxf3 Bf7 26. Be6 Bxe6 27. dxe6 Bxd4 28. Ke4 Bf6 29. Kf5 Ke7 30. Bh6 Rh8 31. Rh1 d5 32. g4 d4 33. g5 Bg7 34. Kg6 Bf8 35. Bxf8+ Rxf8 36. Kh7 Kxe6 37. g6 c5 38. a4 c4 39. g7 Rf7 40. Kg6 Rf6+ 41. Kg5 1-0

[Event "Oberliga NRW 9798 II"]
[Site "Germany"]
[Date "1998.??.??"]
[Round "7.6"]
[White "Schmeing, Walter"]
[Black "Zimmermann, Rolf"]
[Result "1/2-1/2"]
[WhiteElo "2060"]
[BlackElo "2200"]
[PlyCount "191"]
[EventDate "1997.10.??"]
[EventType "team"]
[EventRounds "9"]
[EventCountry "GER"]
[SourceTitle "EXT 1999"]
[Source "ChessBase"]
[SourceDate "1998.11.16"]
[SourceVersion "1"]
[SourceVersionDate "1998.11.16"]
[SourceQuality "1"]
[WhiteTeam "Suedlohn"]
[BlackTeam "Duesseldorf"]
[WhiteTeamCountry "GER"]
[BlackTeamCountry "GER"]

1. e4 c6 2. Nc3 g6 3. Nf3 d5 4. d4 Bg4 5. Be2 Bxf3 6. Bxf3 e6 7. 0-0 h5 8. Re1 Be7 9. Be3 Nd7 10. Qe2 Nb6 11. exd5 cxd5 12. Qb5+ Qd7 13. Be2 Qxb5 14. Bxb5+ Kd8 15. Ne2 Nh6 16. Bd2 Nc8 17. Nf4 Nf5 18. c3 Ncd6 19. Bf1 Kd7 20. Nd3 Rhc8 21. f3 h4 22. Bf4 g5 23. Bxd6 Bxd6 24. Nf2 Bf4 25. Ng4 Ng7 26. Nf6+ Kd6 27. Bd3 Rc7 28. a4 Rd8 29. a5 Ke7 30. Ng4 Nh5 31. Ne5 Bxe5 32. Rxe5 Nf4 33. Bf1 Kf6 34. g3 Ng6 35. Re2 hxg3 36. hxg3 Rh8 37. Rh2 Rxh2 38. Kxh2 Ne7 39. Kg2 Nf5 40. Bd3 Nd6 41. Kf2 Rc8 42. Rh1 Rc6 43. Ke3 b6 44. axb6 axb6 45. Rh6+ Ke7 46. Rh5 Rc8 47. g4 Rg8 48. Kd2 b5 49. Rh1 Ra8 50. Rh5 Nc4+ 51. Bxc4 bxc4 52. Rh1 Kf6 53. Kc2 Kg6 54. Kd2 Rf8 55. Re1 Rh8 56. Ke3 Rh2 57. Re2 Rh1 58. Kf2 Kf6 59. Kg2 Rb1 60. Kg3 Ke7 61. Rf2 f6 62. f4 gxf4+ 63. Kxf4 Rg1 64. b4 Rc1 65. Rf3 Rg1 66. Rh3 Kd6 67. Kf3 Rc1 68. Ke2 Rc2+ 69. Kd1 Rf2 70. Rh7 e5 71. dxe5+ Kxe5 72. Re7+ Kf4 73. Re6 Kxg4 74. Rd6 Rf5 75. b5 Kf3 76. b6 d4 77. cxd4 Rb5 78. Kc2 Rb3 79. Rxf6+ Ke4 80. Rd6 Ke3 81. b7 Rxb7 82. Kc3 Rc7 83. Re6+ Kf4 84. Re5 Ra7 85. Kxc4 Ra4+ 86. Kc3 Kg4 87. Kd3 Kf4 88. Rc5 Rb4 89. Rh5 Kg4 90. Rh8 Kf5 91. Re8 Ra4 92. Re5+ Kf4 93. Re1 Kf5 94. d5 Kf6 95. Kc3 Kf7 96. Kd3 1/2-1/2